=LDR 00000nam 2200000 4500 =001 INLIS000000000040311 =005 20130612145859 =008 ************************************* =035 ##$$0010-061300000040311 =082 ##$$a 813 =090 ##$$a 813, lin t.1 =100 ##$$a linz,cathie =245 ##$$a terjebak bersama sang sersan =260 ##$$a 2009 $b jakarta =300 ##$$a 230, 18 cm =700 ##$$a marietta lily =850 ##$$a NBPNMAT